| 000 | 01657nam a2200265 a 4500 | ||
|---|---|---|---|
| 999 |
_c10355 _d10355 |
||
| 001 | 10355 | ||
| 003 | BD-JhCC | ||
| 005 | 20210607134020.0 | ||
| 008 | 180424s2013 uk a|||| |||| 001 0 eng d | ||
| 020 | _a9781565645820 | ||
| 035 | _a(BD-JhCC)10355 | ||
| 040 |
_aBD-JhCC _dBD-JhCC |
||
| 041 | _aeng | ||
| 082 |
_a297.577 _bALT 2013 |
||
| 100 | _aAltalib, Hisham | ||
| 245 |
_aParent-Child Relations : _ba guide to raising children / _cHisham Altalib, AbdulHamid AbuSulayman and Omar Altalib |
||
| 260 |
_aLondon : _aWashington : _bThe International Institute of Islamic Thought, _c2013. |
||
| 300 |
_axxvi, 498 p. : _bill. ; _c22 cm. |
||
| 504 | _aIncludes index and bibliography | ||
| 520 | _aThis easy-to-read, comprehensive guide contains what you need to know on how to parent with confidence. Packed with advice and powerful tips, using the latest research on child development and parenting techniques, it offers a mine of information on how to let children flourish, take the frustration out of parenting and develop happy family relations. Authors provide guidance on developing character, knowledge, values, and skills, as well as a faith-based outlook in children, benefitting parents with kids of all ages. The many strategies and techniques offered include: teaching children how to problem-solve, make decisions, and develop self-esteem. Raising God conscious, moral, successful children, with a sense of civic responsibility in today s world is not easy. It is also not impossible. Effective parenting is the key. | ||
| 650 |
_aParenting _vIslam |
||
| 700 | _aAbuSulayman, AbdulHamid | ||
| 700 | _aAltalib, Omar | ||
| 942 |
_2ddc _cBK _02 |
||